[Event "Dreifluesse op"]
[Site "Passau"]
[Date "1998.04.10"]
[Round "2"]
[White "Gottschlich, Carsten"]
[Black "Gerstenhauer, Doreen"]
[Result "1-0"]
[WhiteElo "2240"]
[BlackElo "2025"]

1.d4 d5 2.c4 dxc4 3.e4 Nf6 4.Nc3 e5 5.Nf3 exd4 6.Qxd4 Qxd4 7.Nxd4 Bb4 8.f3 a6
9.Bxc4 O-O 10.Be3 b5 11.Be2 Bb7 12.a4 c5 13.Nc2 Bxc3+ 14.bxc3 c4 15.Kf2 Nbd7
16.Rhb1 Bxe4 17.fxe4 Nxe4+ 18.Kf1 Nxc3 19.Rc1 Ne5 20.Na3 Nxa4 21.Nxc4 Nxc4
22.Bxc4 Rfe8 23.Bf2 h6 24.Bb3 Nb2 25.Rc7 Red8 26.Rxf7 Kh8 27.Bb6 Rd6 28.Bc5 Rd3
29.Bc2 Rd2 30.Rxa6 Rad8 31.Rf2 R2d5 32.Bb4 Nc4 33.Re2 Rc8 34.Rc6 Ra8 35.Bc3 Nd6
36.Rc7  1-0

[Event "ARG-ch"]
[Site "Buenos Aires"]
[Date "1998.04.15"]
[Round "1"]
[White "Ricardi, Pablo"]
[Black "Spangenberg, Hugo"]
[Result "1/2-1/2"]
[WhiteElo "2566"]
[BlackElo "2530"]

1.d4 d5 2.c4 dxc4 3.e4 Nf6 4.Nc3 e5 5.Nf3 exd4 6.Qxd4 Qxd4 7.Nxd4 Bc5 8.Ndb5 Na6
9.Bf4 Be6 10.Bxc7 O-O 11.Bd6 Rfd8 12.Rd1 Ng4 13.Bxc5 Rxd1+ 14.Nxd1  1/2-1/2

[Event "Capablanca mem 33th Elite"]
[Site "Havana"]
[Date "1998.05.07"]
[Round "1"]
[White "Borges Mateos, Juan"]
[Black "Zilberman, Yaacov"]
[Result "1/2-1/2"]
[WhiteElo "2480"]
[BlackElo "2555"]

1.d4 d5 2.c4 dxc4 3.e4 Nf6 4.Nc3 e5 5.Nf3 exd4 6.Qxd4 Qxd4 7.Nxd4 Bc5 8.Ndb5 Na6
9.Bf4 O-O 10.Bxc4 c6 11.Nd6 b5 12.Be2 Rd8 13.e5 Bxd6 14.exd6 Be6 15.O-O Nc5
16.Rac1 Rac8 17.Rfd1 h6 18.Bf3 Bf5 19.Ne2 Nd3 20.Nd4 Bg6 21.Rxd3 Bxd3 22.Nxc6 Rxc6
23.Rxc6 g5 24.Be3 Ne4 25.Bxe4 Bxe4 26.Ra6 Bb7 27.Rxa7 Rxd6 28.h4 Bd5 29.hxg5 hxg5
30.Ra5 f6 31.b3 Bc6 32.Ra6 Kf7 33.Kh2 Re6 34.Bc5 Kg6 35.Rb6 f5 36.a4 bxa4
37.bxa4 Bd7  1/2-1/2

[Event "FRA-chT"]
[Site "FRA"]
[Date "1998.05.08"]
[Round "8"]
[White "Dieu, Bruno"]
[Black "Magem Badals, Jorge"]
[Result "0-1"]
[WhiteElo "2275"]
[BlackElo "2535"]

1.d4 d5 2.c4 dxc4 3.e4 Nc6 4.Nf3 Bg4 5.Be3 e6 6.Nc3 Nf6 7.Bxc4 Bb4 8.Qc2 O-O
9.Rd1 Qe7 10.Be2 Ba5 11.O-O Bb6 12.e5 Nd7 13.a3 h6 14.h3 Bh5 15.Ne4 Rad8
16.Ng3 Bg6 17.Bd3 Bxd3 18.Rxd3 f6 19.exf6 Nxf6 20.Re1 Nd5 21.Qe2 e5 22.Bc1 exd4
23.Qxe7 Ndxe7 24.b4 Nf5 25.Ne2 Rfe8 26.Kf1 a5 27.b5 Ne5 28.Nxe5 Rxe5 29.a4 c5
30.bxc6 bxc6 31.Bf4 Re6 32.g4 Ne7 33.Rc1 c5 34.Bd2 Nd5 35.Rb3 Rde8 36.Ng3 Nb4
37.f3 Rc6 38.Bxb4 axb4 39.Rxb4 Re3  0-1

[Event "Presidents Cup"]
[Site "Elista"]
[Date "1998.05.09"]
[Round "1.3"]
[White "Giorgadze, Giorgi"]
[Black "Fominyh, Alexander"]
[Result "1/2-1/2"]
[WhiteElo "2605"]
[BlackElo "2530"]

1.d4 d5 2.c4 dxc4 3.e4 Nf6 4.e5 Nd5 5.Bxc4 Nc6 6.Ne2 Bf5 7.O-O e6 8.Nbc3 Nb6
9.Bb3 Nb4 10.Be3 Be7 11.Ng3 Bd3 12.Re1 Bg6 13.Qf3 N4d5 14.Rac1 c6 15.Nge4 Nxe3
16.fxe3 Nd5 17.Nc5 Rb8 18.a3 O-O 19.N3e4 h6 20.Bc2 a5 21.Bb1 b6 22.Nd3 c5
23.dxc5 bxc5 24.Nexc5 Bxc5 25.Nxc5 Rxb2 26.Bxg6 fxg6 27.Qg3 Qe8 28.Ne4 g5
29.Rf1 Rxf1+ 30.Rxf1 Qg6 31.Qf3 Kh7 32.h3 Rb3 33.Re1 Rxa3 34.Nd6 Rb3 35.Qf2 a4
36.Qa2 Rxe3 37.Rxe3 Nxe3 38.Qxa4 Qb1+ 39.Kf2 Nf5 40.Qe4 Qxe4 41.Nxe4 Kg6
42.Nc5 Kf7 43.g4 Nh4 44.Nd3 Ke7 45.Ke3 Ng6 46.Ke4  1/2-1/2

[Event "Capablanca mem 33th Elite"]
[Site "Havana"]
[Date "1998.05.13"]
[Round "5"]
[White "Borges Mateos, Juan"]
[Black "Nogueiras, Jesus"]
[Result "1/2-1/2"]
[WhiteElo "2480"]
[BlackElo "2520"]

1.d4 d5 2.c4 dxc4 3.e4 e5 4.Nf3 Bb4+ 5.Bd2 Bxd2+ 6.Qxd2 exd4 7.Qxd4 Nf6 8.Qxd8+ Kxd8
9.Bxc4 Be6 10.Bxe6 fxe6 11.Nc3 Nc6 12.O-O-O+ Ke7 13.Rhe1  1/2-1/2

[Event "Beijing m g/25"]
[Site "Beijing"]
[Date "1998.05.15"]
[Round "?"]
[White "Karpov, Anatoly"]
[Black "Xu Jun"]
[Result "1-0"]
[WhiteElo "2735"]
[BlackElo "2520"]

1.d4 d5 2.c4 dxc4 3.e4 e5 4.Nf3 exd4 5.Bxc4 Nc6 6.O-O Be6 7.Bxe6 fxe6 8.Qb3 Qd7
9.Qxb7 Rb8 10.Qa6 Nf6 11.Nbd2 Bb4 12.Qd3 Bxd2 13.Bxd2 Rxb2 14.Rac1 O-O 15.Rc5 Ng4
16.h3 Rxf3 17.Qxf3 Nh2 18.Qa3 Rxd2 19.Rfc1 Qd6 20.Qg3 Qxg3 21.fxg3 Nb4 22.Rxc7 Nf3+
23.gxf3 d3 24.Rb1 Na6 25.Rxa7 Rxa2 26.Rd1 Ra3 27.Kf2 h5 28.Rd2 Kh7 29.Ke3  1-0

[Event "Villa Martelli"]
[Site "Villa Martelli"]
[Date "1998.05.22"]
[Round "4"]
[White "Filgueira, Hernan"]
[Black "Slipak, Sergio"]
[Result "0-1"]
[WhiteElo "2420"]
[BlackElo "2510"]

1.d4 d5 2.c4 dxc4 3.e4 Nc6 4.Be3 Nf6 5.Nc3 e5 6.d5 Na5 7.Bxc4 Nxc4 8.Qa4+ c6
9.Qxc4 cxd5 10.exd5 Bd6 11.Nge2 O-O 12.O-O Bd7 13.f3 Rc8 14.Qb3 Qa5 15.Ng3 Bb4
16.Bd2 Ba4 17.Qxa4 Qxa4 18.Nxa4 Bxd2 19.Rfd1 Rc2 20.Nf1 Bg5 21.Rab1 b5 22.Nc3 b4
23.Na4 Rd8 24.d6 Ne8 25.Rd5 Nxd6 26.Rxe5 Bf6 27.Rd5 Nc4 28.Rxd8+ Bxd8 29.Rd1 Bf6
30.b3 Rxa2 31.Nc5 Ra1 32.Rxa1 Bxa1 33.Nd3 Bd4+ 34.Kh1 Na5 35.Nxb4 Nxb3 36.Ng3 a5
37.Na2 f6 38.Ne2 Kf7 39.g3 Ke6 40.Nf4+ Kd6 41.Kg2 Nd2  0-1

[Event "Budapest FS06 IM"]
[Site "Budapest"]
[Date "1998.06.17"]
[Round "12"]
[White "Jakab, Attila"]
[Black "Gonzalez Garcia, Jose"]
[Result "0-1"]
[WhiteElo "2210"]
[BlackElo "2420"]

1.d4 d5 2.c4 dxc4 3.e4 Nc6 4.Be3 Nf6 5.Nc3 e5 6.d5 Na5 7.Bxc4 Nxc4 8.Qa4+ c6
9.Qxc4 cxd5 10.exd5 a6 11.a3 Bd6 12.Nge2 O-O 13.O-O Ng4 14.Bc5 b5 15.Qb4 a5
16.Qxb5 Ba6 17.Qc6 Bxc5 18.Qxc5 Rc8 19.Qa7 Qd6 20.Ne4 Qh6 21.h3 Bxe2 22.Rfe1 Qf4
23.hxg4 Qxe4 24.d6 Qxg4 25.Qe3 Bb5 26.Qxe5 Bc6 27.Qg3 Qxg3 28.fxg3 Rfd8 29.Rad1 Rb8
30.Rd2 g6 31.Rc1 Bd7 32.Rc4 a4 33.Rc7 Kg7 34.Re2 Rb6  0-1

[Event "Copenhagen op"]
[Site "Copenhagen"]
[Date "1998.06.22"]
[Round "2"]
[White "Ward, Christopher"]
[Black "Adamski, Jan"]
[Result "1/2-1/2"]
[WhiteElo "2480"]
[BlackElo "2345"]

1.d4 d5 2.c4 dxc4 3.e4 e5 4.Nf3 Nf6 5.Bxc4 Nxe4 6.Nxe5 Nd6 7.Bb3 Be7 8.O-O O-O
9.Nc3 Nc6 10.Nxc6 bxc6 11.Qf3 Bb7 12.Be3 Bf6 13.Rfd1 Qd7 14.Rac1 Rfd8 15.Ba4 Qf5
16.Bxc6 Qxf3 17.Bxf3 Bxf3 18.gxf3 Nf5 19.d5 Ne7 20.Bc5 Rd7 21.Bxe7 Bxe7 22.Nb5 Bd8
23.Rc6 a6 24.Nc3 Bf6 25.Na4 Be7 26.Nc5 Bxc5 27.Rxc5 Rb8 28.Rc6 Rb6 29.Rdc1 g5
30.Rxb6 cxb6 31.Rc6 Rxd5 32.Rxb6 a5 33.a4 Rd4 34.b3 Rd3 35.Rb5 h6 36.Kg2 Kg7
37.Kg3 Kg6 38.Rxa5 Rxb3 39.Rb5 Ra3 40.a5 f6 41.h3  1/2-1/2

[Event "White Nights op"]
[Site "St Petersburg"]
[Date "1998.06.28"]
[Round "9"]
[White "Khamidulin, Viacheslav"]
[Black "Medvedkov, Anton"]
[Result "1/2-1/2"]
[WhiteElo "2245"]
[BlackElo "2200"]

1.d4 d5 2.c4 dxc4 3.e4 Nf6 4.e5 Nd5 5.Bxc4 Nb6 6.Bb3 Nc6 7.Be3 Bf5 8.e6 Bxe6
9.Bxe6 fxe6 10.Nf3 e5 11.O-O exd4 12.Nxd4 Qd7 13.Nxc6 Qxc6 14.Nc3 e6 15.Qh5+ g6
16.Qe5 Rg8 17.Nb5 Nd5 18.Rac1 Qxb5 19.Qxe6+ Ne7 20.Rxc7 Rg7 21.Bc5 Rd8 22.Re1 Rd7
23.Rc8+ Rd8 24.Rc7  1/2-1/2

[Event "Politiken Cup"]
[Site "Copenhagen"]
[Date "1998.07.09"]
[Round "6"]
[White "Grabliauskas, Virginijus"]
[Black "Naes, Flovin Tor"]
[Result "1/2-1/2"]
[WhiteElo "2465"]
[BlackElo "2125"]

1.d4 d5 2.c4 dxc4 3.e4 Nc6 4.Be3 Nf6 5.f3 e5 6.d5 Na5 7.Qa4+ c6 8.b4 cxb3
9.axb3 b5 10.Qxa5 Qxa5+ 11.Rxa5 Bb4+ 12.Bd2 Bxa5 13.Bxa5 cxd5 14.Nc3 dxe4
15.Bxb5+ Bd7 16.Bxd7+ Kxd7 17.fxe4 Rhc8 18.Nf3 Nxe4 19.Nxe5+ Ke6 20.Nc4 Nxc3
21.Bxc3 Rab8 22.Kd2 Rxb3 23.Re1+ Kd5 24.Ne3+ Ke4 25.Nc2+ Kd5 26.Bxg7 Rg8
27.Re5+ Kd6 28.Rg5 Kd7 29.Nd4 Rb6 30.Nf3 f6 31.Bxf6 Rxg5 32.Bxg5 Rb2+ 33.Kd3 Rxg2
34.Bd2 Ke6 35.Nd4+ Ke5 36.Nf3+ Ke6 37.h3 Kf6 38.Ke4 Rg3 39.Bc3+  1/2-1/2

[Event "Politiken Cup"]
[Site "Copenhagen"]
[Date "1998.07.09"]
[Round "6"]
[White "Sammalvuo, Tapani"]
[Black "Schmitz, Andreas"]
[Result "1-0"]
[WhiteElo "2395"]
[BlackElo "2115"]

1.d4 d5 2.c4 dxc4 3.e4 e5 4.Nf3 exd4 5.Qxd4 Qxd4 6.Nxd4 a6 7.Bxc4 Bb4+ 8.Ke2 Ne7
9.Bf4 c5 10.Nc2 Ba5 11.a4 Nbc6 12.Nd2 Ng6 13.Be3 Nge5 14.Bd5 Nb4 15.Nxb4 Bxb4
16.Rhc1 Ng6 17.Nc4 Rb8 18.Nd6+ Ke7 19.Nxf7 Rf8 20.Rxc5 Bxc5 21.Bxc5+ Kf6
22.e5+ Nxe5 23.Nxe5 Kxe5 24.Bxf8 Bg4+ 25.f3 Rxf8 26.Bxb7 Rb8 27.Bxa6 Rxb2+
28.Ke3 Rb3+ 29.Kd2 Bd7 30.Bf1 Kd4 31.Kc2 Rc3+ 32.Kb2  1-0

[Event "RUS-Cup07"]
[Site "Tomsk"]
[Date "1998.07.18"]
[Round "4"]
[White "Bezgodov, Alexei"]
[Black "Nikitin, Andrey"]
[Result "1-0"]
[WhiteElo "2520"]
[BlackElo "2410"]

1.d4 d5 2.c4 dxc4 3.e4 Nf6 4.e5 Nd5 5.Bxc4 Nb6 6.Bd3 Nc6 7.Be3 Nb4 8.Be4 f5
9.exf6 exf6 10.a3 f5 11.axb4 Bxb4+ 12.Nc3 fxe4 13.Qh5+ Kf8 14.Ne2 Qe8 15.Qh4 Bf5
16.O-O Kg8 17.d5 Bg6 18.Nf4 Bd6 19.Bxb6 Bxf4 20.Qxf4 cxb6 21.Rfe1 Qf7 22.Qd2 h6
23.Nxe4 Kh7 24.Nd6 Qc7 25.Re6 Qc2 26.Qd4 Qd3 27.Qe5 Rhg8 28.h4 Raf8 29.Re7 Qd2
30.f3 Rf4 31.h5 Bd3 32.Ne8  1-0

[Event "RUS-ch51"]
[Site "St Petersburg"]
[Date "1998.07.29"]
[Round "2"]
[White "Galliamova, Alisa"]
[Black "Rublevsky, Sergei"]
[Result "0-1"]
[WhiteElo "2560"]
[BlackElo "2685"]

1.d4 d5 2.c4 dxc4 3.e4 e5 4.Nf3 exd4 5.Bxc4 Nc6 6.O-O Be6 7.Bxe6 fxe6 8.Qb3 Qd7
9.Qxb7 Rb8 10.Qa6 Nf6 11.Nbd2 Bd6 12.Qd3 O-O 13.a3 Ng4 14.b3 Nce5 15.Nxe5 Nxe5
16.Qxd4 Ng4 17.e5 Nxe5 18.Bb2 Rb5 19.Nc4 Rd5 20.Qe4 Nd3 21.Nxd6 Qxd6 22.Bc3 Qb6
23.Qh4 Nf4 24.Qg4 Rf7 25.Rad1 h5 26.Qf3 Nh3+  0-1

[Event "BCF-ch"]
[Site "Torquay"]
[Date "1998.07.31"]
[Round "5"]
[White "Arkell, Keith C"]
[Black "Pert, Nicholas"]
[Result "1/2-1/2"]
[WhiteElo "2455"]
[BlackElo "2320"]

1.d4 d5 2.c4 dxc4 3.e4 e5 4.Nf3 exd4 5.Qxd4 Qxd4 6.Nxd4 Bc5 7.Nb5 Na6 8.Bf4 Be6
9.Bxc7 Nf6 10.f3 O-O 11.Bd6 Rfd8 12.Bxc5 Nxc5 13.N1a3 Nd3+ 14.Bxd3 Rxd3 15.Rd1 a6
16.Nc7 Rc8 17.Nxe6 Rxd1+ 18.Kxd1 fxe6 19.Kc2 Kf7 20.Kc3 Nd7 21.Rd1 Ke7 22.Kb4 Ne5
23.Nc2 b6 24.Ne3 Rc5 25.Kc3 g5 26.h4 gxh4 27.f4 Ng6 28.Rf1 b5 29.f5 Ne5 30.Rh1 exf5
31.Nxf5+ Kf6 32.Rxh4 Rc7 33.Nd4 Ng6 34.Rh5 Re7 35.a3 Rxe4 36.Rxh7 Re3+ 37.Kc2 Re4
38.Nf3 Re2+ 39.Kb1 Nf4 40.g4 Rf2 41.g5+ Kf5 42.Rf7+ Kg4 43.Nd4 Rd2 44.Rd7 Rd3
45.Nc6 Rxd7 46.Ne5+ Kxg5 47.Nxd7 Nd5 48.Nb8 Nc7 49.Kc2 Kf4 50.a4  1/2-1/2

[Event "COL-ch"]
[Site "Pensilvania"]
[Date "1998.08.01"]
[Round "11"]
[White "Clavijo, Jorge Mario"]
[Black "Perdomo, Carlos Andres"]
[Result "0-1"]
[WhiteElo "2400"]
[BlackElo "2410"]

1.d4 d5 2.c4 dxc4 3.e4 e5 4.d5 c6 5.Nc3 Nf6 6.Bxc4 cxd5 7.Nxd5 Nxe4 8.Qe2 Nd6
9.Qxe5+ Be6 10.Bb3 Nc6 11.Qe3 Nf5 12.Qe4 Nfd4 13.Bf4 Bd6 14.Bxd6 Qxd6 15.Nf4 Qb4+
16.Kf1 Nxb3 17.Qxb4 Nxb4 18.axb3 Bxb3 19.Re1+ Kd7 20.Nf3 Rhe8 21.h4 Rxe1+
22.Nxe1 Re8 23.Rh3 Bc4+ 24.Nfd3 Rxe1+ 25.Kxe1 Nxd3+  0-1

[Event "RUS-ch51"]
[Site "St Petersburg"]
[Date "1998.08.05"]
[Round "9"]
[White "Ibragimov, Ildar"]
[Black "Yakovich, Yuri"]
[Result "0-1"]
[WhiteElo "2610"]
[BlackElo "2560"]

1.d4 d5 2.c4 dxc4 3.e4 Nf6 4.e5 Nd5 5.Bxc4 Nb6 6.Bd3 Nc6 7.Be3 Nb4 8.Be4 f5
9.exf6 exf6 10.a3 f5 11.axb4 fxe4 12.Nc3 Be6 13.Nh3 Bd6 14.Ng5 Bc4 15.Ngxe4 O-O
16.b3 Bd5 17.b5 Bxe4 18.Nxe4 Bb4+ 19.Nd2 Qd5 20.O-O Bxd2 21.Qxd2 Qxb5 22.Rfc1 Nd5
23.Bg5 c6 24.Bh4 Nf4 25.Re1 Qxb3 26.Bg3 Qf7 27.Reb1 Nd5 28.Be5 Qd7 29.Rb3 Rf7
30.Rg3 a6 31.h4 Re8 32.Re1 Ne7 33.h5 Nf5 34.Rg4 c5 35.h6 Nxh6 36.Rge4 Ng4
37.Qg5 Nxf2 38.R4e2 Qg4 39.Qe3 cxd4 40.Qxd4 Nh3+ 41.Kh2 Nf4  0-1

[Event "MK Cafe Cup-A"]
[Site "Koszalin"]
[Date "1998.08.09"]
[Round "7"]
[White "Podgaets, Mikhail"]
[Black "Maksimenko, Andrei"]
[Result "1-0"]
[WhiteElo "2475"]
[BlackElo "2500"]

1.d4 d5 2.c4 dxc4 3.e4 Nf6 4.e5 Nd5 5.Bxc4 Nb6 6.Bd3 Nc6 7.Be3 Be6 8.Nc3 Qd7
9.Nf3 O-O-O 10.O-O Bg4 11.h3 Bh5 12.g4 Bg6 13.Bxg6 fxg6 14.Ng5 e6 15.Qb3 Re8
16.Rad1 h6 17.Nge4 g5 18.f4 gxf4 19.Rxf4 Na5 20.Qc2 Qc6 21.Qe2 Nac4 22.Bf2 Bb4
23.Rf7 Re7 24.Rf3 Kb8 25.a3 Bxc3 26.Rxc3 Qb5 27.Qc2 Rf7 28.Rc1 Qd5 29.a4 Rf4
30.Re1 Rhf8 31.b4 Nd2 32.Qxd2 Rxe4 33.a5 Nc4 34.Qd3 Rxe1+ 35.Bxe1 Nb2 36.Qc2  1-0

[Event "MK Cafe Cup-A"]
[Site "Koszalin"]
[Date "1998.08.09"]
[Round "7"]
[White "Ehlvest, Jaan"]
[Black "Volzhin, Alexander"]
[Result "1/2-1/2"]
[WhiteElo "2620"]
[BlackElo "2530"]

1.d4 d5 2.c4 dxc4 3.e4 Nf6 4.e5 Nd5 5.Bxc4 Nb6 6.Bd3 Nc6 7.Be3 Nb4 8.Be4 f5
9.exf6 exf6 10.a3 f5 11.axb4 fxe4 12.Nc3 Be6 13.Nh3 Bd6 14.Ng5 Bc4 15.Qg4 Bxb4
16.Nxh7 Qd7 17.Qg6+ Kd8 18.Ng5 Re8 19.Nxe4 Nd5 20.Bd2 Bxc3 21.bxc3 Qc6 22.Qg5+ Kc8
23.Qf5+ Qe6 24.Qxe6+ Rxe6 25.f3 Nf6 26.Kf2 Nxe4+ 27.fxe4 Rxe4 28.Rhe1 Rxe1
29.Rxe1 Kd7 30.Bg5 Re8 31.Rxe8 Kxe8 32.Bc1 Kd7  1/2-1/2

[Event "ARG-ch97"]
[Site "Villa Martelli"]
[Date "1998.08.09"]
[Round "3"]
[White "Sorin, Ariel"]
[Black "Gomez Baillo, Jorge H"]
[Result "1-0"]
[WhiteElo "2460"]
[BlackElo "2440"]

1.d4 d5 2.c4 dxc4 3.e4 Nf6 4.e5 Nd5 5.Bxc4 Nb6 6.Bb3 Nc6 7.Ne2 Bf5 8.Nbc3 e6
9.a3 Qd7 10.O-O O-O-O 11.Be3 f6 12.exf6 gxf6 13.Re1 h5 14.Ng3 Bg4 15.f3 h4
16.fxg4 hxg3 17.h3 Nxd4 18.Bxd4 Qxd4+ 19.Qxd4 Rxd4 20.Bxe6+ Kb8 21.Ne4 Bh6
22.Nxg3 Bf4 23.Nf5 Rd2 24.b4 Na4 25.Rad1 Nc3 26.Rxd2 Bxd2 27.Rf1 c5 28.bxc5 Ne4
29.Rd1 Ba5 30.h4 Nxc5 31.Bd5 Bc7 32.g3 Nd7 33.Kg2 Ne5 34.Kh3 b5 35.h5 Bb6
36.Kh4 Ng6+ 37.Kh3 a6 38.Bg2 Bc5 39.Rd7 Ne5 40.Rb7+ Kc8 41.Ne7+ Bxe7 42.Rxe7 Kd8
43.Ra7 Rh6 44.Rxa6 Ke7 45.Bf1 Rh8 46.Bxb5 Rc8 47.Ra7+ Kf8 48.h6 Kg8 49.g5 Rc1
50.h7+ Kf8 51.gxf6 Rh1+ 52.Kg2 Rh6  1-0

[Event "MK Cafe Cup-A"]
[Site "Koszalin"]
[Date "1998.08.12"]
[Round "10"]
[White "Podgaets, Mikhail"]
[Black "Vaulin, Alexander"]
[Result "1/2-1/2"]
[WhiteElo "2475"]
[BlackElo "2550"]

1.d4 d5 2.c4 dxc4 3.e4 Nc6 4.Nf3 Bg4 5.d5 Ne5 6.Bf4 Ng6 7.Be3 Nf6 8.Nc3 e6
9.Qa4+ Qd7 10.Qxd7+ Nxd7 11.dxe6 Bxe6 12.Nd4 Bc5 13.Nxe6 fxe6 14.Bxc5 Nxc5
15.Bxc4 Ne5 16.Be2 Ned3+ 17.Bxd3 Nxd3+ 18.Ke2 O-O-O 19.Rab1 Nf4+ 20.Kf3 Rdf8
21.Rhf1 e5 22.g3 Ne6+ 23.Kg2  1/2-1/2

[Event "Harplinge"]
[Site "Harplinge"]
[Date "1998.08.17"]
[Round "3"]
[White "Sjodahl, Pontus"]
[Black "Hansen, Curt"]
[Result "1/2-1/2"]
[WhiteElo "2420"]
[BlackElo "2610"]

1.d4 d5 2.c4 dxc4 3.e4 Nf6 4.e5 Nd5 5.Bxc4 Nb6 6.Bd3 Nc6 7.Ne2 Bg4 8.f3 Be6
9.Nbc3 Qd7 10.Ne4 Bd5 11.Nc5 Qc8 12.O-O e6 13.Ne4 Be7 14.Qe1 Qd7 15.Qg3 O-O-O
16.Qxg7 Rhg8 17.Qh6 Nxd4 18.N2c3 Nf5 19.Qh5 Bxe4 20.Bxe4 Qd4+ 21.Kh1 Qxe5
22.g4 Qg7 23.Bxf5 exf5 24.Qxf5+ Kb8 25.Bf4 Qg6 26.Qxg6 fxg6 27.Rae1 Bf6 28.Be5 Bxe5
29.Rxe5 Rd2 30.Rfe1 Rxb2 31.Re8+ Rxe8 32.Rxe8+ Nc8 33.f4 b5 34.f5 gxf5 35.gxf5 Rf2
36.Rf8 Kb7 37.Kg1 Rf4 38.Nxb5 a6 39.Nc3 Ne7 40.Rf7 Nxf5 41.Nd5 Rg4+ 42.Kf2 Nh4
43.Rxc7+ Kb8 44.Rxh7 Rg2+ 45.Ke3 Rxh2 46.Kd3 Nf3 47.Re7 Rxa2 48.Nb4 Ra4  1/2-1/2

[Event "ARG-ch97"]
[Site "Villa Martelli"]
[Date "1998.08.18"]
[Round "12"]
[White "Sorin, Ariel"]
[Black "Spangenberg, Hugo"]
[Result "1-0"]
[WhiteElo "2470"]
[BlackElo "2520"]

1.d4 d5 2.c4 dxc4 3.e4 Nf6 4.e5 Nd5 5.Bxc4 Nb6 6.Bb3 Nc6 7.Ne2 Bf5 8.Nbc3 e6
9.a3 Be7 10.Be3 O-O 11.Ba2 Na5 12.Ng3 Bg6 13.Qe2 Nd5 14.Nxd5 exd5 15.O-O Bh4
16.b4 Nc6 17.Qb5 Ne7 18.Qxb7 a5 19.Bd2 a4 20.Qb5 c6 21.Qe2 Qd7 22.Bb1 Qa7
23.Qg4 Bxg3 24.hxg3 Qa6 25.Bg5 Qc8 26.Qf4 f6 27.exf6 gxf6 28.Bh6 Rf7 29.Re1 Nf5
30.Bxf5 Qxf5 31.Rac1 Qd7 32.Re3 Qc7 33.Rec3 Qxf4 34.Bxf4 Ra6 35.Rxc6 Rxc6
36.Rxc6 Bd3 37.Bh6 Bf5 38.Ra6  1-0

[Event "POL-chTJ"]
[Site "Rowy"]
[Date "1998.08.20"]
[Round "1"]
[White "Jakubowski, Marcin"]
[Black "Tomczak, Rafal"]
[Result "0-1"]
[WhiteElo "2255"]
[BlackElo "2105"]

1.d4 d5 2.c4 dxc4 3.e4 c5 4.d5 e6 5.Bxc4 Nf6 6.Nc3 exd5 7.Bxd5 Bd6 8.Nf3 O-O
9.Bg5 Be7 10.Bxf6 Bxf6 11.O-O Nd7 12.Qb3 a6 13.Rad1 Qc7 14.Rfe1 Ne5 15.Nxe5 Bxe5
16.h3 Rb8 17.Ne2 b5 18.f4 c4 19.Qg3 Bxb2 20.Rd2 Bf6 21.Rf1 Bb7 22.Bxb7 Qxb7
23.e5 Be7 24.f5 f6 25.Nf4 fxe5 26.Ne6 Rf7 27.Qxe5 Bf6 28.Qg3 Rc8 29.Rfd1 c3
30.Rc2 b4 31.Qd3 a5 32.Kh1 h6 33.Qe3 Rd7 34.Rxd7 Qxd7 35.Qe2 a4 36.Nf4 b3
37.axb3 axb3 38.Rc1 b2  0-1

[Event "Harplinge"]
[Site "Harplinge"]
[Date "1998.08.22"]
[Round "8"]
[White "Sjodahl, Pontus"]
[Black "Lautier, Joel"]
[Result "0-1"]
[WhiteElo "2420"]
[BlackElo "2625"]

1.d4 d5 2.c4 dxc4 3.e4 Nc6 4.Nf3 Bg4 5.d5 Ne5 6.Bf4 Ng6 7.Be3 e5 8.Nc3 a6
9.Bxc4 Nh4 10.Rg1 Bd6 11.Be2 Bd7 12.Nd2 Nf6 13.g3 Ng6 14.h4 h5 15.Bg5 Bc5
16.Nb3 Bb6 17.Rg2 a5 18.a3 a4 19.Nd2 Bd4 20.Bxh5 c5 21.Be2 Qa5 22.Bxf6 gxf6
23.Rc1 b5 24.Bg4 Nf8 25.Rc2 Rg8 26.Bxd7+ Nxd7 27.Qf3 Rb8 28.h5 b4 29.Nc4 Qa6
30.Nd1 bxa3 31.bxa3 Rb3 32.Qe2 Kf8 33.h6 Nb6 34.Nxb6 Qxb6 35.Rh2 f5 36.h7 Rh8
37.exf5 Rxa3 38.Kf1 Ra1 39.Kg2 a3 40.Qd2 Qd6 41.Nc3 a2 42.Rh6 Qd8 43.Ra6 Rxh7
44.Qd3 Qg5 45.Qe4 Rhh1 46.Kf3 Rae1 47.f6 a1=Q  0-1

[Event "JUG-chT"]
[Site "Vrnjacka Banja"]
[Date "1998.08.30"]
[Round "9"]
[White "Atalik, Suat"]
[Black "Gyimesi, Zoltan"]
[Result "1-0"]
[WhiteElo "2585"]
[BlackElo "2525"]

1.d4 d5 2.c4 dxc4 3.e4 c5 4.d5 e6 5.Nc3 exd5 6.Nxd5 Ne7 7.Bxc4 Nxd5 8.Bxd5 Be7
9.Nf3 O-O 10.O-O Na6 11.Bb3 Nc7 12.Qxd8 Rxd8 13.Bf4 Ne6 14.Bg3 Bf6 15.Ne5 Kf8
16.f4 Rd2 17.Nf3 Rxb2 18.e5 Bd8 19.f5 Ng5 20.e6 Nxf3+ 21.Rxf3 Rd2 22.Bf4 Rd4
23.Be5 Bf6 24.Bxf6 gxf6 25.Re1 fxe6 26.fxe6 Ke7 27.Rg3 b5 28.Rg7+ Kd6 29.Rg8 Ke7
30.Bc2 Rd5 31.Rg7+ Kd6 32.e7 Be6 33.Be4 Re8 34.Bxd5 Bxd5 35.Re2 c4 36.Rxh7 c3
37.Kf2 b4 38.Ke3 Kc5 39.Rf2 Bxa2 40.Rxa2 b3 41.Rh5+ Kd6 42.Ra6+ Kxe7 43.Rh7+ Kf8+
44.Kd3 c2 45.Raxa7  1-0

[Event "Herzliya"]
[Site "Herzliya"]
[Date "1998.09.06"]
[Round "1"]
[White "Bykhovsky, Avigdor"]
[Black "Zilberman, Yaacov"]
[Result "1/2-1/2"]
[WhiteElo "2455"]
[BlackElo "2520"]

1.d4 d5 2.c4 dxc4 3.e4 Nf6 4.e5 Nd5 5.Bxc4 Nb6 6.Bb3 Nc6 7.Ne2 Bf5 8.Nbc3 e6
9.a3 Be7 10.Be3 Qd7 11.Ba2 Rd8 12.O-O O-O 13.Rc1 Kh8 14.h3 f6 15.f4 a6 16.g4 Bg6
17.b4 fxe5 18.fxe5 Rxf1+ 19.Qxf1 Bd3 20.Qf2 Rf8 21.Qg3 Bc4 22.Bb1 Bxe2 23.Nxe2 Nd5
24.Bd2 Bd8 25.Qd3 g6 26.Rf1 Rxf1+ 27.Kxf1 Kg7 28.Kg2 Be7 29.Qe4 Nd8 30.g5 Qa4
31.Qd3 a5 32.bxa5 Qxa3 33.Qxa3 Bxa3 34.Kf3 Nc6 35.Ba2 Kf7 36.Ke4 Bb4 37.Bc1 Nce7
38.a6 bxa6 39.Bc4 a5 40.Bb3 c6 41.Kd3 Ke8 42.Ng3 Nf5 43.Ne4 Be1 44.Nf6+ Kf7
45.Nxh7 Bf2 46.Nf6 Bxd4 47.Ng4 Bb6 48.Nh6+ Ke7 49.Ng8+ Kd8 50.Nf6 Bd4 51.Bd2 Bxe5
52.Bxa5+ Ke7 53.Ba4 c5 54.Ne4 Nf4+ 55.Kc4 Nd6+ 56.Nxd6 Kxd6 57.Bd2 Nxh3 58.Be3 Bd4
59.Bc1 Ke7 60.Bc2 Kf7 61.Be4 Nf2 62.Bf3 Ke7 63.Bd2 e5 64.Kd5 e4 65.Bxe4 Nxe4
66.Kxe4 Ke6 67.Bc1 Ba1 68.Be3 c4 69.Bc1 Kd6 70.Ba3+ Kc6 71.Be7 Bb2 72.Bd8 Bc3
73.Be7 Bd2 74.Ke5 Kb5 75.Kd4 Bf4 76.Ke4 Bc1 77.Kd5 Bd2 78.Kd4 Bf4 79.Ke4 Bg3
80.Bf6 Kc5 81.Be7+ Bd6 82.Bf6 Bc7 83.Be7+ Kb5 84.Bf6 Kc5 85.Be7+ Bd6 86.Bf6 Bf8
87.Bc3 Be7 88.Bd2 Bd6 89.Bc3 Bg3 90.Bd2 Bd6 91.Bc3 Be7 92.Bd2 Kd6 93.Kd4 Ke6
94.Kxc4 Kf5 95.Kd3 Bxg5 96.Ba5 Kg4 97.Ke2 Kg3 98.Be1+ Kg2 99.Bc3  1/2-1/2

[Event "Herzliya"]
[Site "Herzliya"]
[Date "1998.09.07"]
[Round "2"]
[White "Bykhovsky, Avigdor"]
[Black "Lev, Ronen"]
[Result "1-0"]
[WhiteElo "2455"]
[BlackElo "2460"]

1.d4 d5 2.c4 dxc4 3.e4 e5 4.Nf3 exd4 5.Bxc4 Nc6 6.O-O Be6 7.Bxe6 fxe6 8.Qb3 Qd7
9.Qxb7 Rb8 10.Qa6 Nf6 11.Nbd2 Bb4 12.Qd3 Bxd2 13.Bxd2 Rxb2 14.Rac1 O-O 15.Rc5 Ng4
16.h3 Qd6 17.Rxc6 Qxc6 18.Qxd4 Rxa2 19.hxg4 Ra4 20.Qd3 Qxe4 21.Qxe4 Rxe4
22.g5 Ra4 23.Rc1 Rc8 24.Rc6 Ra1+ 25.Kh2 a5 26.Rxe6 a4 27.Re7 a3 28.Bc3 Rc1
29.Rxg7+ Kh8 30.Be5  1-0

[Event "Herzliya"]
[Site "Herzliya"]
[Date "1998.09.12"]
[Round "7"]
[White "Hauchard, Arnaud"]
[Black "Lev, Ronen"]
[Result "1-0"]
[WhiteElo "2500"]
[BlackElo "2460"]

1.d4 d5 2.c4 dxc4 3.e4 e5 4.Nf3 exd4 5.Bxc4 Bb4+ 6.Nbd2 Nc6 7.O-O Be6 8.Bxe6 fxe6
9.Nb3 d3 10.Bg5 Nge7 11.a3 Bd6 12.Re1 h6 13.Bxe7 Bxe7 14.Re3 O-O 15.Rxd3 Qe8
16.Rc1 Qg6 17.Qe2 Rf4 18.Nbd2 Bd6 19.Rb3 Qh5 20.Rb5 Ne5 21.Kf1 Raf8 22.Rxe5 Bxe5
23.Rc5 Rxf3 24.Nxf3 Rxf3 25.Qxf3 Qxf3 26.gxf3 Bxh2 27.Kg2 Bf4 28.Kh3 c6 29.Kg4 e5
30.Rc3 Kf7 31.Rb3 b6 32.Rc3 c5 33.b4 cxb4 34.axb4 b5 35.Rc7+ Kg6 36.Rc6+ Kh7
37.Ra6 Bd2 38.Rxa7 Bxb4 39.Rb7 Bd2 40.Rxb5 Bf4 41.Kf5 h5 42.Rxe5 Bxe5 43.Kxe5 Kg6
44.Kf4 Kf6 45.Kg3 Ke5 46.Kh4 g6 47.Kg5 Kd4 48.Kf4 h4 49.Kg4 g5 50.f4 gxf4
51.f3  1-0

[Event "Herzliya"]
[Site "Herzliya"]
[Date "1998.09.15"]
[Round "10"]
[White "Bykhovsky, Avigdor"]
[Black "Afek, Yochanan"]
[Result "1-0"]
[WhiteElo "2455"]
[BlackElo "2375"]

1.d4 d5 2.c4 dxc4 3.e4 c5 4.d5 e6 5.Nc3 exd5 6.Nxd5 Ne7 7.Bxc4 Nxd5 8.Bxd5 Be7
9.Nf3 O-O 10.O-O Na6 11.Bf4 Nc7 12.Bb3 Be6 13.Qxd8 Bxd8 14.Bd6 Re8 15.Bxc5 Bxb3
16.axb3 Na6 17.Be3 Rxe4 18.Rfd1 Bf6 19.Ra4 Rb4 20.Rxb4 Nxb4 21.Rd7 b6 22.g4 Nc2
23.Bc1 h6 24.h4 Rc8 25.Bd2 a5 26.Rd6 Rd8 27.Rxd8+ Bxd8 28.g5 hxg5 29.hxg5 b5
30.Kf1 b4 31.Bf4 Na1 32.Nd2 Kh7 33.Ke2 Kg6 34.Kd1 Bb6 35.Kc1 Bxf2 36.Kb1 Kf5
37.Bc7 Be3 38.Nc4 Bf4 39.Bxf4 Kxf4 40.Kxa1 Kxg5 41.Kb1 Kf4 42.Kc2 g5 43.Kd3 g4
44.Ke2 f5 45.Nxa5 Kg3 46.Nc6 f4 47.Ne5 f3+ 48.Kf1 Kf4 49.Nd3+ Ke4 50.Nxb4 g3
51.Nc2 Kd5 52.Ne1 Ke4 53.b4 f2 54.Nc2 Kd5 55.Ne3+ Ke4 56.Ke2 Kd4 57.Nf5+ Kc4
58.Nxg3 Kxb4 59.Kd2 Kb3 60.Kc1 Kc4 61.Kc2  1-0

[Event "Elista ol (Men)"]
[Site "Elista"]
[Date "1998.10.05"]
[Round "7"]
[White "Atalik, Suat"]
[Black "Vincenti, David Cilia"]
[Result "1-0"]
[WhiteElo "2585"]
[BlackElo "2220"]

1.d4 d5 2.c4 dxc4 3.e4 Nf6 4.e5 Nd5 5.Bxc4 Nb6 6.Bd3 Nc6 7.Be3 Nb4 8.Be4 f5
9.exf6 exf6 10.a3 f5 11.axb4 Bxb4+ 12.Nc3 fxe4 13.Qh5+ Kf8 14.Ne2 Qe8 15.Qh4 Kg8
16.O-O h6 17.Qg3 c6 18.d5 Nxd5 19.Nxd5 cxd5 20.Bd4 Qf7 21.Rfc1 Bd7 22.Rc7 Kh7
23.Rxb7 a5 24.Rc1 Rhc8 25.Rcc7 Rd8 26.Qh3  1-0